000 00797nam a22002657a 4500
001 BR8004126
003 BR-BrBNA
005 20230928090641.0
007 ta
008 230509b bl.||||| |||| 00| 0 por d
040 _aBR-BrBNA
_bpor
_cBiblioteca Nacional de Agricultura
041 _a(Por)
072 _aF00; F40
_b/G514
_b/GZ37
090 _ F00 BR8004126
100 1 _aZaffaroni, E.
245 1 _aUma pesquisa em agroecossistemas com cultivos no Brejo Paraibano [Brasil]
260 3 _aAreia, PB (Brasil):
_c1980.
300 _a4 p.
500 _a(*) Documento disponível no(a) Universidade Federal da Paraiba, Areia (Brazil). Centro de Ciencias Agrarias
650 _aBREJO
650 _aECOSSISTEMA
650 _aPARAIBA
909 _a202309
_bLucia
_c55
_dLucia Elande
942 _cBK
999 _c29828
_d29828